The battle of the red hot pepper weenies : (Record no. 1809)
[ view plain ]
| 000 -LEADER | |
|---|---|
| fixed length control field | 02230nam a22003257a 4500 |
| 005 - DATE AND TIME OF LATEST TRANSACTION | |
| control field | 20251215160422.0 |
| 020 ## - INTERNATIONAL STANDARD BOOK NUMBER | |
| International Standard Book Number | 9780765320995 (hardcover) |
| 020 ## - INTERNATIONAL STANDARD BOOK NUMBER | |
| International Standard Book Number | 0765320991 (hardcover) |
| 040 ## - CATALOGING SOURCE | |
| Original cataloging agency | BTCTA |
| Transcribing agency | BTCTA |
| Modifying agency | BAKER |
| -- | ZGX |
| -- | WIQ |
| -- | DPL |
| -- | TEF |
| -- | XY4 |
| -- | B2A |
| -- | IHI |
| -- | OCLCQ |
| -- | EHH |
| -- | DLC |
| -- | FISKH |
| Language of cataloging | eng |
| 050 00 - LIBRARY OF CONGRESS CALL NUMBER | |
| Classification number | PZ7.L96775 |
| 082 ## - DEWEY DECIMAL CLASSIFICATION NUMBER | |
| Classification number | Fic |
| 100 1# - MAIN ENTRY--PERSONAL NAME | |
| Personal name | Lubar, David. |
| 245 14 - TITLE STATEMENT | |
| Title | The battle of the red hot pepper weenies : |
| Remainder of title | and other warped and creepy tales / |
| Statement of responsibility, etc. | David Lubar. |
| 250 ## - EDITION STATEMENT | |
| Edition statement | 1st ed. |
| 260 ## - PUBLICATION, DISTRIBUTION, ETC. | |
| Place of publication, distribution, etc. | New York : |
| Name of publisher, distributor, etc. | Starscape, |
| Date of publication, distribution, etc. | 2009. |
| 300 ## - PHYSICAL DESCRIPTION | |
| Extent | 192 pages ; |
| Dimensions | 22 cm |
| 490 ## - SERIES STATEMENT | |
| Series statement | Weenies |
| 500 ## - GENERAL NOTE | |
| General note | Reader's guide includes discussion questions. (p.185-192). |
| 505 0# - FORMATTED CONTENTS NOTE | |
| Formatted contents note | K |
| 505 0# - FORMATTED CONTENTS NOTE | |
| Formatted contents note | All the rage -- Frankendance -- The ratty old bumbershoot -- Dear Author -- The wizard's mandolin -- Into the wild blue yonder -- Yackity-yak -- Wish away -- The department store -- The battle of the red hot pepper weenies -- Just like me -- What's eating the vegans? -- Let's have a big hand for Gerald -- Bird shot -- The princess and the pea brain -- Petro-fied -- Time out -- Galactic zap -- The taste of terror -- The cat almost gets a bath -- Yesterday tomorrow -- Take a whack at this -- King of the hill -- Book banning -- Braces -- Turkey calls -- Reel -- Bad luck -- Rattled nerves -- Smart little suckers -- Overdue onto others -- Put on your happy face -- Moods -- Keep your spirits up -- Sting, where is thy death? |
| 520 ## - SUMMARY, ETC. | |
| Summary, etc. | A girl doesn't have a date for the school dance--until her dad makes one for her in his lab. "Lily--meet Stitchy." A family enjoys a nice Thanksgiving dinner--until they are interrupted by a torrent of turkeys out for revenge. A princess meets a pea-brained suitor. And the battle of two red hot pepper weenies ends in flames. Critically-acclaimed author and master of the macabre David Lubar returns from a journey into the darkest depths of his brain with thirty-five more warped and creepy tales. And in the tradition of the three previous Weenie collections... |
| 521 ## - TARGET AUDIENCE NOTE | |
| Target audience note | 590 <br/> |
| Source | Lexile |
| 521 ## - TARGET AUDIENCE NOTE | |
| Target audience note | K <br/> |
| Source | Raz-Plus |
| 650 ## - SUBJECT ADDED ENTRY--TOPICAL TERM | |
| Topical term or geographic name entry element | Creepy |
| 650 ## - SUBJECT ADDED ENTRY--TOPICAL TERM | |
| Topical term or geographic name entry element | Horror |
| 650 ## - SUBJECT ADDED ENTRY--TOPICAL TERM | |
| Topical term or geographic name entry element | Macabre |
| 906 ## - LOCAL DATA ELEMENT F, LDF (RLIN) | |
| a | 7 |
| b | cbc |
| c | orignew |
| d | 4 |
| e | ncip |
| f | 20 |
| g | y-gencatlg |
| 942 ## - ADDED ENTRY ELEMENTS (KOHA) | |
| Source of classification or shelving scheme | Dewey Decimal Classification |
| Koha item type | Books |
| Suppress in OPAC | No |
| 999 ## - | |
| -- | 1809 |
| -- | 1809 |
| Withdrawn status | Lost status | Source of classification or shelving scheme | Damaged status | Not for loan | Collection | Home library | Current library | Shelving location | Date acquired | Total Checkouts | Full call number | Barcode | Date last seen | Copy number | Price effective from | Koha item type |
|---|---|---|---|---|---|---|---|---|---|---|---|---|---|---|---|---|
| Dewey Decimal Classification | Juvenile Fiction | Footprints International School Library Network Toul Kork Campus | Footprints International School Library Network Toul Kork Campus | TK Primary Library Room(4th Floor), Bookcase 3&4, Shelves 17-32, Yellow Books | 10/03/2023 | LUB Fic PZ7.L96775 | FISTK00617 | 10/03/2023 | 1 | 10/03/2023 | Books | |||||
| Dewey Decimal Classification | Juvenile Fiction | Footprints International School Library Network Toul Tom Poung Campus | Footprints International School Library Network Toul Tom Poung Campus | TTP Primary Yellow Bookshelves | 12/11/2025 | LUB Fic PZ7.L96775 | FIS02576 | 12/11/2025 | 2 | 12/11/2025 | Books |
